<?xml version="1.0" encoding="UTF-8"?>
<record
    xmlns:xsi="http://www.w3.org/2001/XMLSchema-instance"
    xsi:schemaLocation="http://www.loc.gov/MARC21/slim http://www.loc.gov/standards/marcxml/schema/MARC21slim.xsd"
    xmlns="http://www.loc.gov/MARC21/slim">

  <leader>01273nam a2200313 a 4500</leader>
  <controlfield tag="001">72485</controlfield>
  <controlfield tag="003">BD-RjUL</controlfield>
  <controlfield tag="005">20211209082251.0</controlfield>
  <controlfield tag="008">170520s1973    wb a     b    101 0 engm </controlfield>
  <datafield tag="020" ind1=" " ind2=" ">
    <subfield code="a">0387062041 (New York)</subfield>
  </datafield>
  <datafield tag="035" ind1=" " ind2=" ">
    <subfield code="a">(BD-RjUL)72703</subfield>
  </datafield>
  <datafield tag="040" ind1=" " ind2=" ">
    <subfield code="a">DLC</subfield>
    <subfield code="c">DLC</subfield>
    <subfield code="d">m.c.</subfield>
    <subfield code="d">WQM</subfield>
    <subfield code="d">MYG</subfield>
    <subfield code="d">BD-RjUL</subfield>
    <subfield code="b">eng</subfield>
  </datafield>
  <datafield tag="041" ind1=" " ind2=" ">
    <subfield code="a">eng</subfield>
  </datafield>
  <datafield tag="082" ind1=" " ind2=" ">
    <subfield code="2">23</subfield>
    <subfield code="a">612.8</subfield>
    <subfield code="b">BIO 1973</subfield>
  </datafield>
  <datafield tag="099" ind1=" " ind2=" ">
    <subfield code="a">QP671.V5.S86 1972</subfield>
  </datafield>
  <datafield tag="111" ind1="2" ind2=" ">
    <subfield code="a">Symposium on the Biochemistry and Physiology of Visual Pigments</subfield>
    <subfield code="d">(1972 :</subfield>
    <subfield code="c">Bochum, Germany)</subfield>
    <subfield code="9">214377</subfield>
  </datafield>
  <datafield tag="245" ind1="1" ind2="0">
    <subfield code="a">Biochemistry and physiology of visual pigments: symposium held at Inst. f. Tierphysiologie Ruhr-Univ.</subfield>
    <subfield code="b">Bochum, W. Germany, August 27-30, 1972 /</subfield>
    <subfield code="c">for the organizing committee edited by Helmut Langer.</subfield>
  </datafield>
  <datafield tag="260" ind1=" " ind2=" ">
    <subfield code="a">New York :</subfield>
    <subfield code="b">Springer,</subfield>
    <subfield code="c">1973.</subfield>
  </datafield>
  <datafield tag="300" ind1=" " ind2=" ">
    <subfield code="a">xiii, 366 p. :</subfield>
    <subfield code="b">202 ill. ;</subfield>
    <subfield code="c">25 cm.</subfield>
  </datafield>
  <datafield tag="504" ind1=" " ind2=" ">
    <subfield code="a">Includes bibliographical references.</subfield>
  </datafield>
  <datafield tag="650" ind1=" " ind2="0">
    <subfield code="a">Visual pigments</subfield>
    <subfield code="v">Congresses.</subfield>
    <subfield code="9">214378</subfield>
  </datafield>
  <datafield tag="650" ind1=" " ind2="0">
    <subfield code="a">Photoreceptors</subfield>
    <subfield code="v">Congresses.</subfield>
    <subfield code="9">214379</subfield>
  </datafield>
  <datafield tag="700" ind1="1" ind2=" ">
    <subfield code="a">Lnger, Helmut.</subfield>
    <subfield code="9">214380</subfield>
  </datafield>
  <datafield tag="710" ind1="2" ind2=" ">
    <subfield code="a">Ruhr-Universitt Bochum.</subfield>
    <subfield code="b">Institut fr Tierphysiologie.</subfield>
    <subfield code="9">214381</subfield>
  </datafield>
  <datafield tag="776" ind1="1" ind2=" ">
    <subfield code="w">(OCoLC)840301749</subfield>
  </datafield>
  <datafield tag="856" ind1="4" ind2="1">
    <subfield code="3">SpringerLink</subfield>
    <subfield code="u">http://dx.doi.org/10.1007/978-3-642-85769-0</subfield>
    <subfield code="z">MIT Access Only</subfield>
  </datafield>
  <datafield tag="942" ind1=" " ind2=" ">
    <subfield code="2">ddc</subfield>
    <subfield code="c">BK</subfield>
  </datafield>
  <datafield tag="999" ind1=" " ind2=" ">
    <subfield code="c">72485</subfield>
    <subfield code="d">72485</subfield>
  </datafield>
  <datafield tag="952" ind1=" " ind2=" ">
    <subfield code="0">0</subfield>
    <subfield code="1">0</subfield>
    <subfield code="2">ddc</subfield>
    <subfield code="4">0</subfield>
    <subfield code="7">0</subfield>
    <subfield code="8">NFIC</subfield>
    <subfield code="a">RUCL</subfield>
    <subfield code="b">RUCL</subfield>
    <subfield code="c">Reading</subfield>
    <subfield code="d">1974-10-12</subfield>
    <subfield code="e">Heffers</subfield>
    <subfield code="g">12.65</subfield>
    <subfield code="l">0</subfield>
    <subfield code="o">612.8 BIO 1973</subfield>
    <subfield code="r">2017-05-20 00:00:00</subfield>
    <subfield code="t">C-1</subfield>
    <subfield code="w">2017-05-20</subfield>
    <subfield code="y">BK</subfield>
  </datafield>
</record>
